Classement FIFA (avril 2026) - Statistiques

Statistiques générales
  • Ce quiz a été pris 134 fois
  • Le résultat moyen est 36 sur 50
Statistiques - réponses
Points Réponse % Correct
1877.32 France
100%
1876.40 Espagne
99%
1761.16 Brésil
98%
1874.81 Argentine
97%
1825.97 Angleterre
96%
1755.87 Maroc
94%
1730.37 Allemagne
93%
1700.37 Italie
93%
1757.87 Pays Bas
92%
1763.83 Portugal
92%
1734.71 Belgique
90%
1688.99 Sénégal
89%
1564.26 Algérie
87%
1693.09 Colombie
86%
1673.13 États-Unis
86%
1660.43 Japon
86%
1681.03 Mexique
86%
1514.77 Suède
85%
1649.40 Suisse
84%
1556.48 Canada
82%
1550.94 Norvège
82%
1528.00 Pologne
80%
1599.04 Turquie
79%
1673.07 Uruguay
79%
1525.60 Russie
76%
1580.67 Australie
75%
1620.81 Danemark
75%
1717.07 Croatie
72%
1563.24 Égypte
70%
1483.05 Tunisie
70%
1546.88 Ukraine
70%
1588.66 Corée du Sud
69%
1594.78 Équateur
63%
1593.45 Autriche
62%
1475.82 Grèce
62%
1532.98 Côte d’Ivoire
60%
1481.24 Cameroun
59%
1498.35 Écosse
59%
1585.09 Nigeria
58%
1508.65 Serbie
58%
1473.94 Slovaquie
57%
1478.35 RD Congo
56%
1500.58 Hongrie
54%
1503.50 Paraguay
54%
1615.30 Iran
52%
1501.38 Tchéquie
48%
1468.05 Venezuela
42%
1524.29 Pays de Galles
41%
1540.64 Panama
29%
1465.34 Ouzbékistan
11%
Aucun quiz correspondant
Distribution des résultats
% des personnes avec chaque résultat
Percentile par nombre de réponses
Votre historique - résultats
Vous n’avez pas pris ce quiz